The moonstone. (Record no. 174416)
[ view plain ]
| 000 -LEADER | |
|---|---|
| fixed length control field | 00927cam a22003131 4500 |
| 001 - CONTROL NUMBER | |
| control field | 9725579 |
| 003 - CONTROL NUMBER IDENTIFIER | |
| control field | Nust |
| 005 - DATE AND TIME OF LATEST TRANSACTION | |
| control field | 20220829120048.0 |
| 008 - FIXED-LENGTH DATA ELEMENTS--GENERAL INFORMATION | |
| fixed length control field | 740502s1868 xx 000 0 eng |
| 010 ## - LIBRARY OF CONGRESS CONTROL NUMBER | |
| LC control number | 41034793 |
| 020 ## - INTERNATIONAL STANDARD BOOK NUMBER | |
| International Standard Book Number | 1853260444 |
| Terms of availability | Rs. 236 |
| 035 ## - SYSTEM CONTROL NUMBER | |
| System control number | (OCoLC)876882 |
| 038 ## - RECORD CONTENT LICENSOR | |
| Staff Name | Arshad |
| 040 ## - CATALOGING SOURCE | |
| Original cataloging agency | DLC |
| Transcribing agency | NRU |
| Modifying agency | DLC |
| 050 00 - LIBRARY OF CONGRESS CALL NUMBER | |
| Classification number | PZ3.C697 |
| Item number | Mo2 |
| Classification number | PR4494.M6 |
| 082 ## - DEWEY DECIMAL CLASSIFICATION NUMBER | |
| Classification number | 823 |
| Author Mark | COL |
| 100 1# - MAIN ENTRY--PERSONAL NAME | |
| Personal name | Collins, Wilkie, |
| Dates associated with a name | 1824-1889. |
| 9 (RLIN) | 12061 |
| 245 14 - TITLE STATEMENT | |
| Title | The moonstone. |
| Remainder of title | A novel. |
| Statement of responsibility, etc. | By Wilkie Collins ... |
| 260 ## - PUBLICATION, DISTRIBUTION, ETC. | |
| Place of publication, distribution, etc. | New York, |
| Name of publisher, distributor, etc. | Harper & brothers, |
| Date of publication, distribution, etc. | 1868. |
| 300 ## - PHYSICAL DESCRIPTION | |
| Extent | 438 p. |
| Dimensions | 24 cm. |
| 650 #0 - SUBJECT ADDED ENTRY--TOPICAL TERM | |
| Topical term or geographic name entry element | Jewelry theft |
| Form subdivision | Fiction. |
| 9 (RLIN) | 12070 |
| 650 #0 - SUBJECT ADDED ENTRY--TOPICAL TERM | |
| Topical term or geographic name entry element | Police |
| Geographic subdivision | England |
| Form subdivision | Fiction. |
| 9 (RLIN) | 11890 |
| 650 #0 - SUBJECT ADDED ENTRY--TOPICAL TERM | |
| Topical term or geographic name entry element | East Indians |
| Geographic subdivision | England |
| Form subdivision | Fiction. |
| 9 (RLIN) | 1068 |
| 651 #0 - SUBJECT ADDED ENTRY--GEOGRAPHIC NAME | |
| Geographic name | England |
| Form subdivision | Fiction. |
| 9 (RLIN) | 1072 |
| 655 #7 - INDEX TERM--GENRE/FORM | |
| Genre/form data or focus term | Mystery fiction. |
| Source of term | gsafd |
| 9 (RLIN) | 5621 |
| 906 ## - LOCAL DATA ELEMENT F, LDF (RLIN) | |
| a | 7 |
| b | cbc |
| c | oclcrpl |
| d | u |
| e | ncip |
| f | 19 |
| g | y-gencatlg |
| 942 ## - ADDED ENTRY ELEMENTS (KOHA) | |
| Source of classification or shelving scheme | |
| Koha item type | Book |
| Withdrawn status | Lost status | Source of classification or shelving scheme | Damaged status | Not for loan | Permanent Location | Current Location | Shelving location | Date acquired | Full call number | Barcode | Date last seen | Copy number | Price effective from | Koha item type |
|---|---|---|---|---|---|---|---|---|---|---|---|---|---|---|
| Central Library (CL) | Central Library (CL) | Fiction | 01/25/2017 | 823 COL | CL920 | 01/25/2017 | 1 | 01/25/2017 | Book |
